000 00435nam a2200181Ia 4500
003 OSt
005 20221222112524.0
008 210210b1952 xxu||||| |||| 00| 0 eng d
040 _cAL
041 _aeng
082 _a954/358
100 _aROBERTS (P E)
_967485
245 _aHistory of British India
260 _aLondon
_bOxford University Press
_c1952
690 _aIndian History
_967486
906 _a026117
942 _2ddc
_cBK
999 _c152055
_d152055